Biblioteca y Centro de Documentación

Dictamen 7-2025 sobre el Proyecto de Real Decreto por el que se crea la Unidad Técnica de Apoyo y Coordinación prevista en la Ley 11/2023, de 8 de mayo, de trasposición de directivas de la UE en varias materias (…), y por la que se modifica la Ley 12/2011, de 27 de mayo (…) y se regulan sus funciones (Registro nro. 53883)

Detalles MARC
000 -CABECERA
Longitud fija campo de control 01652nam a2200385 c 4500
001 - NÚMERO DE CONTROL
Número de control 53883
003 - IDENTIFICADOR DE NÚMERO DE CONTROL
Identificador del número de control ES-MaCES
005 - FECHA Y HORA DE LA ÚLTIMA TRANSACCIÓN
Fecha y hora de la última transacción 20251218112248.0
007 - PHYSICAL DESCRIPTION FIXED FIELD--GENERAL INFORMAT
Campo fijo de descripción física cr |||||||||||
008 - CAMPO FIJO DE DESCRIPCIÓN FIJA--INFORMACIÓN GENERAL
Códigos de información de longitud fija   250925s2025 sp l o000 | spa d
040 ## - FUENTE DE CATALOGACIÓN
Centro catalogador de origen ES-MaCES
Lengua de catalogación spa
Centro transcriptor ES-MaCES
110 2# - ENCABEZAMIENTO PRINCIPAL--NOMBRE CORPORATIVO
9 (RLIN) 2408
Nombre de entidad corporativa o nombre de jurisdicción como elemento inicial Consejo Económico y Social (España)
245 10 - MENCIÓN DE TÍTULO
Título Dictamen 7-2025 sobre el Proyecto de Real Decreto por el que se crea la Unidad Técnica de Apoyo y Coordinación prevista en la Ley 11/2023, de 8 de mayo, de trasposición de directivas de la UE en varias materias (…), y por la que se modifica la Ley 12/2011, de 27 de mayo (…) y se regulan sus funciones<br/><br/>
Resto del título : Sesión ordinaria del Pleno de 24 de septiembre de 2025
Mención de responsabilidad, etc. Consejo Económico y Social
250 ## - MENCIÓN DE EDICIÓN
Mención de edición 1ª ed
260 ## - PUBLICACIÓN, DISTRIBUCIÓN, ETC (PIE DE IMPRENTA)
Lugar de publicación, distribución, etc. Madrid
Nombre del editor, distribuidor, etc. Consejo Económico y Social
Fecha de publicación, distribución, etc. 2025
300 ## - DESCRIPCIÓN FÍSICA
Extensión 8 p.
Dimensiones 21 cm
Material anejo 1 documento pdf (184 kb)
490 1# - MENCIÓN DE SERIE
Mención de serie Colección Dictámenes
Designación de volumen o secuencia 7-2025
541 ## - NOTA DE LA FUENTE INMEDIANTE DE ADQUISICIÓN
Forma de adquisición Gratuito
650 #4 - ASIENTO SECUNDARIO DE MATERIA--TÉRMINO DE MATERIA
Término de materia o nombre geográfico como elemento inicial organismo gubernamental
9 (RLIN) 29508
650 #4 - ASIENTO SECUNDARIO DE MATERIA--TÉRMINO DE MATERIA
Término de materia o nombre geográfico como elemento inicial organización institucional
9 (RLIN) 27196
650 #4 - ASIENTO SECUNDARIO DE MATERIA--TÉRMINO DE MATERIA
Término de materia o nombre geográfico como elemento inicial desarrollo institucional
9 (RLIN) 29802
650 #4 - ASIENTO SECUNDARIO DE MATERIA--TÉRMINO DE MATERIA
Término de materia o nombre geográfico como elemento inicial asesoramiento
9 (RLIN) 29786
650 #4 - ASIENTO SECUNDARIO DE MATERIA--TÉRMINO DE MATERIA
Término de materia o nombre geográfico como elemento inicial mecanismo de control
9 (RLIN) 29918
650 #4 - ASIENTO SECUNDARIO DE MATERIA--TÉRMINO DE MATERIA
Término de materia o nombre geográfico como elemento inicial Directiva de la CE
9 (RLIN) 29873
650 #4 - ASIENTO SECUNDARIO DE MATERIA--TÉRMINO DE MATERIA
Término de materia o nombre geográfico como elemento inicial derecho comunitario
9 (RLIN) 29866
650 #4 - ASIENTO SECUNDARIO DE MATERIA--TÉRMINO DE MATERIA
Término de materia o nombre geográfico como elemento inicial armonización
9 (RLIN) 29884
650 #4 - ASIENTO SECUNDARIO DE MATERIA--TÉRMINO DE MATERIA
Término de materia o nombre geográfico como elemento inicial España
9 (RLIN) 26964
650 #4 - ASIENTO SECUNDARIO DE MATERIA--TÉRMINO DE MATERIA
Término de materia o nombre geográfico como elemento inicial régimen jurídico
9 (RLIN) 29894
650 #4 - ASIENTO SECUNDARIO DE MATERIA--TÉRMINO DE MATERIA
Término de materia o nombre geográfico como elemento inicial dictamen
9 (RLIN) 30802
653 ## - TÉRMINO DE INDEXACIÓN--NO CONTROLADO
Término no controlado Derecho comunitario
830 #0 - ENCABEZAMIENTO SECUNDARIO DE COLECCIÓN--TÍTULO UNIFORME
9 (RLIN) 32521
Título uniforme Colección Dictámenes (Consejo Económico y Social (España))
Designación de volumen o secuencia 7-2025
856 4# - ACCESO ELECTRÓNICO
Identificador Uniforme del Recurso (URI) http://www.ces.es/documents/DIC/2025/07
Texto del enlace texto completo
902 ## - CES. TIPO DE DOCUMENTO
Tipodoc (006$c Sirtex) LIB Libro
942 ## - ELEMENTOS KOHA
Fuente de clasificaión o esquema Clasificación propia del CES
Koha [por defecto] tipo de item Monografías
Parte de clasificación Derecho Comunitario
Existencias
Número de registro Signatura completa Tipo de item de Koha
203703 - Monografías
© CES, Consejo Económico y Social de España 2021